Govt. of
Madhya Pradesh

Indian History ll edition (Record no. 58633)

MARC details
000 -LEADER
fixed length control field 00361nam a22001457a 4500
003 - CONTROL NUMBER IDENTIFIER
control field macl
005 - DATE AND TIME OF LATEST TRANSACTION
control field 20181201154912.0
008 - FIXED-LENGTH DATA ELEMENTS--GENERAL INFORMATION
fixed length control field 181201b xxu||||| |||| 00| 0 eng d
040 ## - CATALOGING SOURCE
Transcribing agency macl
100 ## - MAIN ENTRY--PERSONAL NAME
Personal name Reddy, K Krishna
9 (RLIN) 36283
245 ## - TITLE STATEMENT
Title Indian History ll edition
260 ## - PUBLICATION, DISTRIBUTION, ETC. (IMPRINT)
Place of publication, distribution, etc. Chenni
Name of publisher, distributor, etc. McGrawHill
Date of publication, distribution, etc. 2018
650 ## - SUBJECT ADDED ENTRY--TOPICAL TERM
Topical term or geographic name as entry element Indian History
9 (RLIN) 227
942 ## - ADDED ENTRY ELEMENTS (KOHA)
Source of classification or shelving scheme
Koha item type Books
Holdings
Withdrawn status Lost status Source of classification or shelving scheme Damaged status Not for loan Home library Current library Date acquired Total Checkouts Total Renewals Full call number Barcode Date last seen Date last checked out Price effective from Koha item type
          MACL MACL 01/12/2018 3 1 954 GCLC00051 11/02/2024 14/01/2024 01/12/2018 Books